000 00486nam a2200145 a 4500
008 120416s0000 ||||||||||||||||| || u
020 _a0077094808
050 _aHF 5635 Tho
100 _aThomas, Andrew
245 1 3 _aAn introduction to financial accounting
250 _a3rd ed.
260 _aLondon
_bMcGraw-Hill
_c
350 _a0.00
995 _D0.00
_FCBU-MAIN LIBRARY (Kitwe)
_H1
_I0.00
_M1
_UDAMAGED
_ZMain Library Open Access Collection
999 _c47751
_d47751